England World Cup 2018 Squad In Number Of Caps Order - Statistics

General Stats
  • This quiz has been taken 22 times
  • The average score is 6 of 23
Answer Stats
Caps Goals Answer % Correct
39 0 Jordan Henderson
77%
60 5 Gary Cahill
62%
24 13 Harry Kane
62%
39 16 Danny Welbeck
46%
35 0 Kyle Walker
38%
38 2 Raheem Sterling
38%
26 3 Eric Dier
31%
19 3 Marcus Rashford
31%
34 7 Ashley Young
23%
18 0 Danny Rose
23%
25 2 Dele Alli
23%
22 7 Jamie Vardy
23%
12 1 Jesse Lingard
23%
7 0 Kieran Trippier
23%
1 0 Nick Pope
23%
25 0 Phil Jones
23%
8 0 Jack Butland
15%
26 0 John Stones
15%
3 0 Jordan Pickford
15%
5 0 Harry Maguire
8%
4 0 Ruben Loftus-Cheek
8%
1 0 Trent Alexander-Arnold
8%
11 0 Fabian Delph
0%
No matching quizzes found
Score Distribution
Percent of People with Each Score
Percentile by Number Answered
Your Score History
You have not taken this quiz